00541 2200229 4500001002100000005001700021006001900038008004100057020001700098035002500115041000700140082001100147090001500158100002300173245002100196260003600217300002600253990000800279990000800287990000800295990000800303INLIS00000000000296520140317161320.0a ||| | 180719| ||| | id  a979-9542-006 a0010-031300000002965 aid0 a636.59 a636.59 MER0 aRedaksi Agro Media00aMerumahkan Walet aDepokbAgro Media Pustakac2005 aviii, 72 hal, 23,5 cm a778 a779 a779 a778